00465cam a22001337a 4500008004000000082001500040100004600055245008800101260003900189300000800228500002700236700003900263700002900302180718b1952 xxu||||| |||| 00| 0 eng d aHx5421 Ut8 aUttar Pradesh. Judicial Reforms Committee aReport of the Uttar Pradesh Judicial Reformscby Judicial Department, Uttar Pradesh aLucknowbJudicial Departmentc1952 a-v- aLibrary has v.1. 135p. aUttar Pradesh. Judicial Department aWanchoo, K.N. (Chairman)